عرض عادي
عرض مارك
- النشر الإلكتروني
مدخل مصطلح موضوعي
001 - رقم الضبط
- حقل الضبط: 63573
003 - معرف رقم الضبط
- حقل الضبط: OSt
005 - تاريخ ووقت أخر عملية
- حقل الضبط: 20180430135739.0
008 - عناصر بيانات ثابتة الطول
- حقل تحكم ثابت الطول: 180430|| aca||aabn | a|a d
040 ## - مصدر الفهرسة
- هيئة الفهرسة الأصلية: OSt
- وكالة الكتابة: OSt
150 ## - مدخل-- مصطلح تاريخي
- عنصر مدخل المصطلح الموضوعي او الاسم الجغرافي: النشر الإلكتروني
- تفريع جغرافي: البلاد العربية
670 ## - بيانات المصدر موجوده
- الاستشهاد بالمصدر: Work cat.: (OSt): محمد، سمية سيد 63571, مقومات الرقمنة في الدوريات الإلكترونية العربية في العلوم والتقنية /, 2017.
